|
|
|
|
| LEADER |
00000nam a22000007a 4500 |
| 005 |
20151110120629.0 |
| 007 |
cr|||| ||u| |
| 008 |
151110s19932008-uszr|pos|||| 0|||a1-us d |
| 022 |
|
|
|a 1069-4404
|
| 035 |
|
|
|a 2875
|
| 040 |
|
|
|a vLex
|
| 090 |
|
|
|c 5696
|d 5696
|
| 245 |
1 |
0 |
|a Sociology of Religion
|h [Recurso electrn̤ico] /
|c Association for the Sociology of Religion
|
| 256 |
|
|
|a Servicio en ln̕ea
|
| 260 |
|
|
|a Estados Unidos
|b Association for the Sociology of Religion
|c 1993-2008
|
| 300 |
|
|
|a 1 recurso electrn̤ico
|
| 310 |
|
|
|a Desconocida
|
| 506 |
1 |
|
|a Contenido solo disponible en los productos indicados
|d vLex Global
|d vLex Global (Academic Edition, excluding Law Schools)
|d vLex Global (U.S. Academic Edition, Law Schools)
|d vLex Global (U.S. Academic Edition, excluding Law Schools)
|d vLex Global (Academic Edition, Law Schools)
|
| 650 |
0 |
4 |
|a Religin̤ y sociologia
|z Estados Unidos
|
| 740 |
0 |
|
|a vLex revista (servicio en ln̕ea)
|
| 856 |
4 |
0 |
|u http://vlex.com/source/sociology-of-religion-2875
|z Acceso restringido
|
| 942 |
|
|
|c REV
|
| 999 |
0 |
|
|a Religion and sociology
|